Normal view
MARC view
- الرياضيات -تعلم
Entry Topical Term
001 - CONTROL NUMBER
- control field: 7990
003 - CONTROL NUMBER IDENTIFIER
- control field: JO-AjAnu
005 - DATE AND TIME OF LATEST TRANSACTION
- control field: 20230606071605.0
008 - FIXED-LENGTH DATA ELEMENTS
- fixed length control field: 230606|| aca||aabn | a|a d
040 ## - CATALOGING SOURCE
- Original cataloging agency: JO-AjAnu
- Transcribing agency: JO-AjAnu
150 ## - HEADING--TOPICAL TERM
- Topical term or geographic name entry element: الرياضيات -تعلم
670 ## - SOURCE DATA FOUND
- Source citation: Work cat.: (JO-AjAnu)4126: محمد ، عواطف ابراهيم, author 7989, تعلم الطفل الرياضيات الحديثة عن طريق النشاط